Sports Quiz

Random Sports or Basketball Quiz

NBA Team Leaders (2000s) Quiz Stats

Quiz Updated Mar 8, 2013

Challenge
Share
Tweet
Embed
Score 0/150 Timer 11:00
35 Plays Today
Team Player % Correct
CavaliersLeBron James
96.3%
CavaliersLeBron James
96.3%
CavaliersLeBron James
96.3%
ThunderJerome James
94.4%
LakersKobe Bryant
94.1%
LakersKobe Bryant
94.1%
LakersKobe Bryant
94.1%
LakersKobe Bryant
94.1%
CelticsPaul Pierce
93.7%
CelticsPaul Pierce
93.7%
CelticsPaul Pierce
93.7%
CelticsPaul Pierce
93.7%
T-WolvesKevin Garnett
92.7%
T-WolvesKevin Garnett
92.7%
T-WolvesKevin Garnett
92.7%
T-WolvesKevin Garnett
92.7%
T-WolvesKevin Garnett
92.7%
HeatDwyane Wade
92.7%
HeatDwyane Wade
92.7%
HeatDwyane Wade
92.7%
76ersAllen Iverson
92.2%
76ersAllen Iverson
92.2%
76ersAllen Iverson
92.2%
NuggetsCarmelo Anthony
91.5%
NuggetsCarmelo Anthony
91.5%
SunsSteve Nash
90.6%
MavericksSteve Nash
90.6%
LakersShaquille O'Neal
90.4%
PacersJermaine O'Neal
89.7%
PacersJermaine O'Neal
89.7%
PacersJermaine O'Neal
89.7%
SpursTim Duncan
89.3%
SpursTim Duncan
89.3%
SpursTim Duncan
89.3%
NetsJason Kidd
86.9%
NetsJason Kidd
86.9%
NetsJason Kidd
86.9%
MagicDwight Howard
86.8%
MagicDwight Howard
86.8%
MagicDwight Howard
86.8%
NetsVince Carter
86.7%
PistonsBen Wallace
86.5%
PistonsBen Wallace
86.5%
PistonsBen Wallace
86.5%
BobcatsGerald Wallace
86.1%
BobcatsGerald Wallace
86.1%
SpursTony Parker
86.1%
MavericksDirk Nowitzki
85.9%
MavericksDirk Nowitzki
85.9%
MavericksDirk Nowitzki
85.9%
Team Player % Correct
MavericksDirk Nowitzki
85.9%
PelicansChris Paul
82.9%
PelicansChris Paul
82.9%
RaptorsChris Bosh
82.4%
RaptorsChris Bosh
82.4%
RaptorsChris Bosh
82.4%
HawksJoe Johnson
80.4%
HawksJoe Johnson
80.4%
PistonsChauncey Billups
79.8%
JazzDeron Williams
79.5%
GrizzliesJason Williams
79.1%
BucksMo Williams
79%
RocketsYao Ming
78.9%
RocketsYao Ming
78.9%
RocketsYao Ming
78.9%
MagicTracy McGrady
78.9%
PistonsRichard Hamilton
77.5%
WizardsGilbert Arenas
76.1%
WizardsGilbert Arenas
76.1%
GrizzliesPau Gasol
75%
GrizzliesPau Gasol
75%
GrizzliesPau Gasol
75%
HawksJosh Smith
73.1%
HawksJosh Smith
73.1%
HawksJosh Smith
73.1%
NuggetsAndre Miller
71.9%
KingsBrad Miller
71.8%
PelicansDavid West
71.1%
SpursManu Ginobili
70.4%
KingsChris Webber
67.5%
BucksMichael Redd
67.1%
BucksMichael Redd
67.1%
ClippersElton Brand
65.5%
ClippersElton Brand
65.5%
ClippersElton Brand
65.5%
ClippersElton Brand
65.5%
ClippersElton Brand
65.5%
WarriorsBaron Davis
65.3%
SunsShawn Marion
63.2%
SunsShawn Marion
63.2%
SunsShawn Marion
63.2%
SunsShawn Marion
63.2%
KingsMike Bibby
61.7%
KingsMike Bibby
61.7%
JazzCarlos Boozer
61.5%
MagicJameer Nelson
61.1%
WizardsAntawn Jamison
58.5%
WizardsAntawn Jamison
58.5%
BullsBen Gordon
57.4%
KnicksStephon Marbury
55.4%
Team Player % Correct
CavaliersZydrunas Ilgauskas
55.2%
CavaliersZydrunas Ilgauskas
55.2%
HeatAlonzo Mourning
54%
HeatUdonis Haslem
52.4%
RocketsSteve Francis
51.1%
RocketsSteve Francis
51.1%
ThunderRashard Lewis
50.7%
ThunderRashard Lewis
50.7%
ThunderRashard Lewis
50.7%
KnicksAllan Houston
50.3%
BucksAndrew Bogut
50.2%
BucksAndrew Bogut
50.2%
BullsTyson Chandler
49.1%
CelticsKendrick Perkins
48.9%
NetsKenyon Martin
48.6%
BobcatsEmeka Okafor
48.1%
BobcatsEmeka Okafor
48.1%
BullsKirk Hinrich
48%
BullsKirk Hinrich
48%
BlazersZach Randolph
47.9%
BlazersZach Randolph
47.9%
BullsLuol Deng
47.4%
KnicksDavid Lee
47.3%
JazzAndrei Kirilenko
46.9%
JazzAndrei Kirilenko
46.9%
JazzAndrei Kirilenko
46.9%
NuggetsMarcus Camby
45.1%
NuggetsMarcus Camby
45.1%
WarriorsJason Richardson
43.6%
WarriorsJason Richardson
43.6%
PelicansDavid West
42.7%
PelicansDavid West
42.7%
BlazersDamon Stoudamire
42.5%
BlazersDamon Stoudamire
42.5%
RaptorsJose Calderon
42%
BobcatsRaymond Felton
37.8%
KnicksLatrell Sprewell
35.2%
76ersSamuel Dalembert
32.9%
76ersSamuel Dalembert
32.9%
PacersJamaal Tinsley
32.6%
PacersJamaal Tinsley
32.6%
KnicksKurt Thomas
30%
KingsDoug Christie
27.3%
WizardsBrendan Haywood
22.2%
ThunderLuke Ridnour
19.2%
RaptorsMorris Peterson
17.7%
GrizzliesShane Battier
15.5%
WarriorsTroy Murphy
14.2%
WarriorsAdonal Foyle
8.9%
BlazersJoel Przybilla
6.4%

You're not logged in!

Compare scores with friends on all Sporcle quizzes.
Sign Up with Email
OR
Log In

You Might Also Like...

Show Comments

Extras

Top Quizzes Today


Score Distribution

Your Account Isn't Verified!

In order to create a playlist on Sporcle, you need to verify the email address you used during registration. Go to your Sporcle Settings to finish the process.